Ley de contrato de trabajo : ley no. 20744 /
Guardado en:
| Formato: | Libro |
|---|---|
| Publicado: |
Buenos Aires :
Adrograf,
1993
|
| Edición: | 4a. ed. |
| Materias: | |
| Etiquetas: |
Agregar Etiqueta
Sin Etiquetas, Sea el primero en etiquetar este registro!
|
| LEADER | 00746nam a22002055a 4500 | ||
|---|---|---|---|
| 001 | CEM.cems008927 | ||
| 008 | 130507s1993##################000#0#####d | ||
| 005 | 20241217131354.0 | ||
| 245 | 0 | 0 | |a Ley de contrato de trabajo : |b ley no. 20744 / |
| 250 | |a 4a. ed. | ||
| 260 | |a Buenos Aires : |b Adrograf, |c 1993 | ||
| 300 | |a 64 p. | ||
| 505 | 0 | |a Incluye las modificaciones por la Ley Nacional de Empleo(Ley 24013) en los artículos 29 ; 29 bis ; 96 ; 98 ; 99 ; 173 ; 198 y 245 y los Decretos 7/93 y 48/93 | |
| 020 | |a 9509616044 | ||
| 082 | 0 | 4 | |a 348.6 |
| 653 | |a Contrato de trabajo | ||
| 653 | |a Legislación laboral | ||
| 653 | |a Ley no. 20744 | ||
| 653 | |a Trabajo-legislación | ||
| 859 | |a CEMS |b BIB. CEMS - 11 de abril |h 348.6 |i Ar37-4a4 |p 18506.95 |t Ej.2 |v 1993 |3 1993 | ||
